Základy technológie potravinárskeho priemyslu ... učeb. pomôcka pre internú potrebu posl. VŠE...

Bibliographic Details
Main Author: Pavlíková, Eva (Author)
Format: Book
Language:Slovak
PhysicalDescription:224, [2] s. fotogr., ilustr., sch., tab. 4°
Published: Bratislava Vysoká škola ekonomická 1975
Edition:4. vyd.
Series:Vysokoškolské skriptá
Subjects:

MARC

LEADER 00000cam a2200000 a 4500
001 vtls008315638
003 SK-MaSNL
005 20260301222455.0
008 240318s1975 xo oa p 000 0 slo
015 |a SNBA1975/02-00442 
035 |a SK01SNK19750007855 
035 |a SKM000010318 
040 |a SNK  |b slo  |c SNK  |e AACR2 
041 0 |a slo 
044 |a xo  |c SK 
080 |a 663/664(075.8)  |2 1981 
100 1 |a Pavlíková, Eva  |4 aut  |9 307712 
245 1 0 |a Základy technológie potravinárskeho priemyslu  |b ... učeb. pomôcka pre internú potrebu posl. VŠE...  |c Eva Pavlíková 
250 |a 4. vyd. 
260 |a Bratislava  |b Vysoká škola ekonomická  |c 1975 
300 |a 224, [2] s.  |b fotogr., ilustr., sch., tab.  |c 4° 
366 |e 300 výt. 
490 1 |a Vysokoškolské skriptá 
504 |a Bibliogr. Pozn. 
650 0 7 |a potravinársky priemysel  |2 SNKPH  |9 974 
655 7 |a učebnice vysokých škôl  |2 SNKPH  |9 70191 
830 0 |a Vysokoškolské skriptá  |9 276440 
852 |a Slovenská národná knižnica v Martine  |b 10000  |h SB 21768 
852 |a Slovenská národná knižnica v Martine  |b 10000  |h SB 21768 D1 
958 |a OND 
958 |a RM 
958 |a RK 
958 |a NB 
958 |a UV 
999 |c 940015  |d 941945 
952 |a SNK  |b SNK  |y PREZ  |7 0  |p 17A0920360  |o snkSB 21768  |i snkKSP 1501/75  |0 0  |1 0  |4 0  |d 2014-05-29  |f 1  |l 0  |r 2025-03-25 00:00:00  |w 2026-02-24 
952 |a SNK  |b SNK  |y VYP  |7 0  |o snkSB 21768 D1  |i snkKSP 1502/75  |0 0  |1 0  |4 0  |d 2014-05-29  |l 0  |r 2026-02-24 09:15:44  |w 2026-02-24